| 000 | 00493 a2200169 4500 | ||
|---|---|---|---|
| 003 | OSt | ||
| 005 | 20231009135727.0 | ||
| 008 | 231009b |||||||| |||| 00| 0 eng d | ||
| 020 | _a/9780857527950 | ||
| 040 | _coclc | ||
| 082 |
_a895 _bOND/H |
||
| 100 | 1 |
_aOnda, Riku, _d1964- _99717 |
|
| 245 |
_aHONEYBEES AND DISTANT THUNDER / _cRiku Onda; Translated by Phillip Gabriel |
||
| 260 |
_bDoubleday _c2023. |
||
| 300 | _a423 p | ||
| 942 |
_2ddc _cBK _h895 _iOND/H _k895 _mOND/H |
||
| 999 |
_c42601 _d42601 |
||